000 00312nam a22001217a 4500
999 _c66723
_d66720
082 _aR/4CE16
100 _aBi;awa; Ali
_a16CE42
245 _aNumerical Analysis of Foundation Waterlogged Area
260 _aNawabshah
_bQUEST
_c2019
300 _a24
700 _aDepartment of Civil Engineering
942 _cTHESIS